Un mensaje del Corazón de Jesús / (Record n. 35642)

Dettagli MARC
000 -LEADER
fixed length control field 00730nam a2200205 4500
003 - CONTROL NUMBER IDENTIFIER
control field IT-RoINE
005 - DATE AND TIME OF LATEST TRANSACTION
control field 20201215052826.0
008 - FIXED-LENGTH DATA ELEMENTS--GENERAL INFORMATION
fixed length control field 930725s1952 sp r |dspa d
040 ## - CATALOGING SOURCE
Original cataloging agency SpMaBN
Transcribing agency A2 IT-RoINE
Modifying agency IT-RoINE
100 1# - MAIN ENTRY--PERSONAL NAME
Personal name Menéndez, Josefa,
Dates associated with a name 1890-1923
9 (RLIN) 69893
245 13 - TITLE STATEMENT
Title Un mensaje del Corazón de Jesús /
Statement of responsibility, etc [Josefa Menéndez, religiosa del Sagrado Corazón]
260 ## - PUBLICATION, DISTRIBUTION, ETC. (IMPRINT)
Place of publication, distribution, etc Burjasot (Valencia) :
Name of publisher, distributor, etc Salvador Albert,
Date of publication, distribution, etc 1952.
300 ## - PHYSICAL DESCRIPTION
Extent 202 p. ;
Dimensions 13 cm.
336 ## - CONTENT TYPE
Source rdacontent
Content type term text
337 ## - MEDIA TYPE
Source rdamedia
Media type term unmediated
338 ## - CARRIER TYPE
Source rdacarrier
Carrier type term volume
500 ## - GENERAL NOTE
General note Nombre del Autor tomado de la introducción.
650 #4 - SUBJECT ADDED ENTRY--TOPICAL TERM
9 (RLIN) 68948
Topical term or geographic name as entry element Sagrado Corazón de Jesús
General subdivision Libros de oraciones y devocionarios
942 ## - ADDED ENTRY ELEMENTS (KOHA)
Item type Monografías
Dati di copia
Withdrawn status Lost status Damaged status Not for loan Home library Current library Date acquired Total Checkouts Full call number Barcode Date last seen Price effective from Koha item type
        Iglesia Nacional Española en Roma Iglesia Nacional Española en Roma 15/12/2020   DEV.NOV 275 NOV-2452 15/12/2020 15/12/2020 Monografías